| 000 | 00594nai a2200181Ia 4500 | ||
|---|---|---|---|
| 003 | IN-BaIIA | ||
| 008 | 211028c9999 xx s 000 0 eng d | ||
| 022 | _a0303-6812 (Print) | ||
| 022 | _a1432-1416 (Online) | ||
| 040 | _cIIA Library | ||
| 245 | 0 |
_aJournal of Mathematical Biology _h[eJournal] |
|
| 260 |
_aHeidelber, Germany _bSpringer Berlin Heidelberg |
||
| 310 | _a7/year | ||
| 362 | _a35(3); 1997 - Present | ||
| 521 | _bSubscribed through National Knowledge Resource Consortium (NKRC) | ||
| 856 |
_uhttps://www.springer.com/journal/285 _yClick Here to Access eJournal |
||
| 942 | _cEJ | ||
| 999 |
_c35125 _d35125 |
||